000 00924cam a22002651 4500
001 sa 67004275
003 DLC
005 20260227112345.0
008 801103s1963 ii b 000 0 eng
010 _asa 67004275
035 _a(OCoLC)6894139
040 _aDLC
_cNBrockU
_dDLC
041 0 _aengsan
042 _apremarc
050 0 0 _aPK3796.K8
_bS9
100 0 _aSurya Kanta.
245 1 0 _aKālidāsa's vision of Kumārasaḿbhava,
_ba study of the Kumāra-problem; a key to the correct comprehension of Kālidāsa's poem and philosophy
_c[by] Sūryakānta.
250 _a[1st ed.]
260 _aDelhi,
_bMehar Chand Lachman Das
_c[1963]
300 _axiii, 150 p.
_c23 cm.
500 _aOn verso of t.p.: Published by Sudarshan Kumar under the authority of Shri Bhārata Bhāratī, Delhi.
500 _aEnglish and Sanskrit.
504 _aBibliographical footnotes.
600 0 0 _aKālidāsa.
_tKumārasambhava.
999 _c74353
_d74353